| 000 | 00762cam a2200253 4500 | ||
|---|---|---|---|
| 001 | 787709 | ||
| 003 | OSt | ||
| 005 | 20250206113438.0 | ||
| 008 | 740226s1974 maua b 001 0 eng | ||
| 010 | _a 74000295 | ||
| 020 | _a9788131768624 | ||
| 040 |
_aSEKU _cDLC _dDLC |
||
| 050 | 0 | 0 |
_aHF 5415.7 _b.S38 |
| 082 | 0 | 0 | _a658.7/8 |
| 100 | 1 | _aDavis, Grant Miller. | |
| 245 | 1 | 0 |
_aLogistics management _c[by] Grant M. Davis [and] Stephen W. Brown. |
| 260 |
_aLexington, Mass., _bLexington Books _c[1974] |
||
| 300 |
_axviii, 449 p. _billus. _c24 cm. |
||
| 504 | _aIncludes bibliographies. | ||
| 650 | 0 | _aBusiness logistics. | |
| 700 | 1 |
_aBrown, Stephen Walter, _d1943- _ejoint author. |
|
| 906 |
_a7 _bcbc _corignew _d1 _eocip _f19 _gy-gencatlg |
||
| 942 |
_2lcc _cSL1 |
||
| 999 |
_c18520 _d18520 |
||